00717nam a2200169Ia 4500008004100000020001800041041000800059082001600067100004400083245016300127250000600290260006100296300001300357650002200370999001900392952013600411210716s2001 xx 000 0 und d a9780070472686 aeng a005.42 SINM aSinghal, Mukesh;Shivaratri, Niranjan G. aAdvanced concepts in operating systems: distributed database and multiprocessor operating systems.bDistributed database and multiprocessor operating systems. a1 aNew DelhibTata McGraw Hill Publishing Company Ltdc2001 axxii,522 aOperating Systems c187787d187787 001040708MCAaAIMITbAIMITeHigginbothams Pvt Ltdg485.00l0o005.42 SINMpMCA07295r2026-05-23 00:00:00v388.00w2021-07-16yBK